Kharisma Kartika : Potret kesensaraan (Buku kelima)

Bibliographic Details
Main Author: Fredy S.
Format: Book
Published: Kuala Lumpur : Ciptaan JiwaSeni Sdn.Bhd. , [ ]
Subjects:

MARC

LEADER 00000cam a2200000 7i4500
001 0000009431
005 20031217.0
008 030702n
020 |a 9838810924 
090 0 0 |a F FRE 
100 0 |a Fredy S. 
245 0 0 |a Kharisma Kartika : Potret kesensaraan (Buku kelima)   |c Fredy S 
260 |a Kuala Lumpur :   |b Ciptaan JiwaSeni Sdn.Bhd. ,   |c [ ] 
300 |a 139p, ;   |c 18cm. 
650 0 0 |a Malay fiction 
999 |a 0000327780   |b Buku   |c Rak Terbuka   |e Perpustakaan Cawangan Jasin 
999 |a 23534   |b Buku   |c Rak Terbuka   |e Perpustakaan Cawangan Masjid Tanah